01303nam a2200337 a 4500001001100000003000800011006001900019007001500038008004100053010001700094020001500111020002200126040002100148035002100169050002500190082001800215245010200233260004400335300002200379490002400401504005100425533015200476650004700628650004100675655002900716700002800745700002500773710001700798830002500815856012500840ebr5004884CaPaEBRm u cr cn|||||||||941108s1995 enka sb 001 0 eng  z 94041139  z0415101093 z0415101107 (pbk.) aCaPaEBRcCaPaEBR a(OCoLC)55947332914aHV10.5b.E885 1995eb04a174/.936222000aEthical issues in social workh[electronic resource] /cedited by Richard Hugman and David Smith. aLondon ;aNew York :bRoutledge,c1995. ax, 200 p. :bill.1 aProfessional ethics aIncludes bibliographical references and index. aElectronic reproduction.bPalo Alto, Calif. :cebrary,d2013.nAvailable via World Wide Web.nAccess may be limited to ebrary affiliated libraries. 0aSocial servicexMoral and ethical aspects. 0aSocial workersxProfessional ethics. 7aElectronic books.2local1 aHugman, Richard,d1954-1 aSmith, David,d1947-2 aebrary, Inc. 0aProfessional ethics.40uhttp://site.ebrary.com/lib/rucke/Doc?id=5004884zAn electronic book accessible through the World Wide Web; click to view